[Event "25th Hoogeveen op"]
[Site "Hoogeveen NED"]
[Date "2022.10.18"]
[Round "4.31"]
[White "Van Foreest, Nanne"]
[Black "Mol, Christiaan"]
[Result "0-1"]
[WhiteElo "1856"]
[BlackElo "1961"]
[EventDate "2022.10.15"]
[PlyCount "58"]

1.e4 c5 2.c3 e6 3.d4 d5 4.e5 Nc6 5.Nf3 Qb6 6.Bd3 Nh6 7.O-O cxd4 8.cxd4 Nf5
9.Bxf5 exf5 10.Nc3 Be6 11.Qb3 Qxb3 12.axb3 Be7 13.Be3 h6 14.Nd2 f4 15.Bxf4
Nxd4 16.Be3 Nc6 17.Nb5 O-O 18.f4 Bf5 19.Nxa7 Rxa7 20.Rxa7 d4 21.Bxd4 Nxd4 
22.Rxb7 Bc5 23.Kh1 Ne6 24.Nc4 Rd8 25.b4 Bf8 26.Ne3 Be4 27.f5 Bxb7 28.fxe6 
fxe6 29.Rf4 Rd3 0-1

[Event "25th Hoogeveen op"]
[Site "Hoogeveen NED"]
[Date "2022.10.18"]
[Round "4.32"]
[White "Hartgers, Leendert"]
[Black "Van Houwelingen, Leo"]
[Result "1/2-1/2"]
[WhiteElo "1840"]
[BlackElo "2003"]
[EventDate "2022.10.15"]
[PlyCount "69"]

1.e4 d6 2.Nf3 Nf6 3.Nc3 g6 4.d4 Bg7 5.Be2 O-O 6.O-O c5 7.d5 Na6 8.Nd2 Nc7 
9.a4 b6 10.f4 Rb8 11.Bd3 a6 12.h3 b5 13.axb5 axb5 14.Qf3 c4 15.Be2 e6 16.
Rd1 exd5 17.exd5 Bf5 18.Nce4 Nxe4 19.Nxe4 Re8 20.Ng3 Bxc2 21.Rd2 Bb3 22.
Bd1 Bxd1 23.Rxd1 b4 24.Ne2 Nb5 25.Ra4 Qb6+ 26.Kh2 Qc5 27.Ra6 c3 28.Rc6 Qa7
29.bxc3 Nxc3 30.Nxc3 bxc3 31.Rxc3 Rb1 32.Rc6 Qd7 33.Ba3 Rxd1 34.Qxd1 Bf8 
35.Qd4 1/2-1/2

[Event "25th Hoogeveen op"]
[Site "Hoogeveen NED"]
[Date "2022.10.18"]
[Round "4.33"]
[White "Boeren, Jurriaan"]
[Black "Abma, Klaas"]
[Result "1-0"]
[WhiteElo "1987"]
[BlackElo "1835"]
[EventDate "2022.10.15"]
[PlyCount "59"]

1.e4 e5 2.Nf3 Nf6 3.d4 Nxe4 4.dxe5 d5 5.Nbd2 Nxd2 6.Bxd2 Be7 7.Bd3 c5 8.c3
Nc6 9.O-O Bg4 10.Re1 Qd7 11.h3 Bf5 12.e6 fxe6 13.Bxf5 exf5 14.Ng5 O-O-O 
15.Nf7 g5 16.Nxd8 Nxd8 17.Qh5 h6 18.Re2 g4 19.hxg4 fxg4 20.Bf4 Nc6 21.Rd1 
d4 22.Be5 Rf8 23.cxd4 cxd4 24.Bg7 Rf5 25.Qxg4 h5 26.Qe4 Rg5 27.Bh6 Re5 28.
Qc2 Rc5 29.Qh7 Qg4 30.Rde1 1-0

[Event "25th Hoogeveen op"]
[Site "Hoogeveen NED"]
[Date "2022.10.18"]
[Round "4.34"]
[White "Storkebaum, Ulrike"]
[Black "Lootsma, Jan"]
[Result "0-1"]
[WhiteElo "1768"]
[BlackElo "1928"]
[EventDate "2022.10.15"]
[PlyCount "86"]

1.e4 e6 2.d4 d5 3.exd5 exd5 4.Nf3 Bd6 5.Bd3 Nf6 6.O-O O-O 7.Re1 Bg4 8.h3 
Bh5 9.Nbd2 Nbd7 10.c4 c6 11.c5 Bc7 12.Nf1 b6 13.b4 a5 14.Bd2 axb4 15.cxb6 
Bxb6 16.Bxb4 c5 17.dxc5 Nxc5 18.Ng3 Nxd3 19.Qxd3 Bg6 20.Qd2 Re8 21.Rxe8+ 
Qxe8 22.Re1 Qb8 23.Ne5 Be4 24.Bc3 Qa7 25.Re2 d4 26.Bb4 Qb7 27.Nxe4 Nxe4 
28.Qd3 Nf6 29.Nf3 Qd5 30.a3 Rc8 31.Rc2 Re8 32.Kf1 h6 33.Re2 Rxe2 34.Kxe2 
Nh5 35.Qd2 Qe4+ 36.Kf1 Nf4 37.Ne1 d3 38.Nf3 Nxh3 39.gxh3 Qxf3 40.Kg1 Qg3+ 
41.Kf1 Qxh3+ 42.Kg1 Bc7 43.f4 Bb6+ 0-1

[Event "25th Hoogeveen op"]
[Site "Hoogeveen NED"]
[Date "2022.10.18"]
[Round "4.35"]
[White "Kumar, Sanjit S"]
[Black "Land, Marc"]
[Result "1-0"]
[WhiteElo "1923"]
[BlackElo "1826"]
[EventDate "2022.10.15"]
[PlyCount "63"]

1.d4 e6 2.c4 f5 3.g3 Nf6 4.Bg2 Be7 5.Nc3 O-O 6.Nf3 d6 7.O-O Ne4 8.Qd3 Nxc3
9.bxc3 Nc6 10.e4 e5 11.dxe5 dxe5 12.Qd5+ Qxd5 13.exd5 Na5 14.Nxe5 Bf6 15.
f4 Re8 16.Re1 Nxc4 17.Be3 Bxe5 18.fxe5 Rxe5 19.Bf4 Rxe1+ 20.Rxe1 Kf7 21.
Bxc7 a5 22.d6 Be6 23.Bxb7 Ra7 24.Rxe6 Nxd6 25.Rxd6 Rxb7 26.Bxa5 Rb1+ 27.
Kg2 Rb2+ 28.Kh3 Rxa2 29.Bb6 g5 30.Bd4 g4+ 31.Kh4 Rxh2+ 32.Kg5 1-0

[Event "25th Hoogeveen op"]
[Site "Hoogeveen NED"]
[Date "2022.10.18"]
[Round "4.36"]
[White "Uneken, Bert"]
[Black "Huo, Da"]
[Result "0-1"]
[WhiteElo "1803"]
[BlackElo "1909"]
[EventDate "2022.10.15"]
[PlyCount "152"]

1.e4 c5 2.c3 Nf6 3.e5 Nd5 4.d4 cxd4 5.cxd4 e6 6.Nf3 d6 7.Nc3 Nc6 8.Bb5 a6 
9.Bxc6+ bxc6 10.O-O Be7 11.Ne4 O-O 12.Qc2 Nb4 13.Qc3 d5 14.Nd6 Bxd6 15.
exd6 Qxd6 16.Bd2 a5 17.a3 Na6 18.Qxa5 Rb8 19.Qc3 f6 20.Rfe1 Re8 21.g3 Qd7 
22.Rac1 Rb6 23.b4 Qf7 24.b5 Rxb5 25.Qxc6 Qd7 26.Qxd7 Bxd7 27.Rb1 Reb8 28.
Rxb5 Rxb5 29.Rc1 Kf7 30.Kf1 Rb2 31.Ke1 Kg6 32.h3 h6 33.Kf1 Kf5 34.Re1 g5 
35.Kg2 Kg6 36.Rc1 Kf7 37.g4 Ke7 38.Be1 Kd6 39.Kg3 Rb3 40.Rc3 Rb1 41.Re3 
Bb5 42.Nd2 Ra1 43.Rb3 Rxe1 44.Rxb5 Kc6 45.Rb3 Rd1 46.Nf3 Nc7 47.h4 Nb5 48.
Rb4 Nxa3 49.Ra4 Nb5 50.Ra6+ Kd7 51.h5 Nc7 52.Rb6 Rc1 53.Rb8 Ne8 54.Ra8 Nd6
55.Rg8 Ke7 56.Ra8 Rc7 57.Kg2 Nf7 58.Ra5 Rd7 59.Kg3 e5 60.Ne1 Nd6 61.Kg2 
Nc4 62.Ra8 Kf7 63.Nd3 exd4 64.Kg3 Ne5 65.Ra3 Rc7 66.f3 Nxd3 67.Rxd3 Rc4 
68.Kf2 Ke6 69.Ra3 Rc2+ 70.Ke1 Ke5 71.Ra6 d3 72.Rb6 Re2+ 73.Kf1 Ra2 74.Ke1 
d4 75.Rc6 Re2+ 76.Kf1 Re3 0-1

[Event "25th Hoogeveen op"]
[Site "Hoogeveen NED"]
[Date "2022.10.18"]
[Round "4.37"]
[White "Aravindhan, Achyuth"]
[Black "Snuverink, Marc"]
[Result "0-1"]
[WhiteElo "1907"]
[BlackElo "1776"]
[EventDate "2022.10.15"]
[PlyCount "54"]

1.e4 e5 2.Nf3 Nc6 3.Bc4 Nf6 4.d4 exd4 5.e5 d5 6.Bb5 Ne4 7.Nxd4 Bd7 8.Bxc6 
bxc6 9.O-O Bc5 10.f3 Ng5 11.f4 Ne4 12.Be3 Qb8 13.Nd2 Qxb2 14.N2b3 Qc3 15.
Rf3 Bg4 16.Qe2 Bb6 17.e6 fxe6 18.Nxe6 Bxf3 19.gxf3 Qxe3+ 20.Qxe3 Bxe3+ 21.
Kg2 Nd6 22.Nxc7+ Kd7 23.Nxa8 Rxa8 24.Re1 Nc4 25.a4 Rf8 26.Rb1 Rxf4 27.Kg3 
Rf6 0-1

[Event "25th Hoogeveen op"]
[Site "Hoogeveen NED"]
[Date "2022.10.18"]
[Round "4.38"]
[White "Hanna-Matrr, David"]
[Black "Koes, Richard"]
[Result "0-1"]
[WhiteElo "1904"]
[BlackElo "1755"]
[EventDate "2022.10.15"]
[PlyCount "120"]

1.e4 e5 2.Bc4 Nf6 3.d3 c6 4.Nf3 d5 5.exd5 cxd5 6.Bb3 Nc6 7.h3 Bc5 8.O-O 
O-O 9.Bg5 Be6 10.Nc3 Be7 11.Re1 h6 12.Bh4 Qd7 13.Nxe5 Nxe5 14.Rxe5 g5 15.
Bxg5 hxg5 16.Rxg5+ Kh8 17.Qd2 Nh7 18.Rh5 Rg8 19.Qh6 Rg7 20.Nxd5 Bxd5 21.
Rxd5 Qc6 22.Qxc6 bxc6 23.Rd7 Bf6 24.c3 Ng5 25.Kf1 Rag8 26.Re1 Nf3 27.gxf3 
Rg1+ 28.Ke2 Re8+ 29.Kd2 Rgxe1 30.d4 R1e2+ 31.Kd3 R8e7 32.Rxe7 Rxe7 33.Ba4 
Bh4 34.Bxc6 Bxf2 35.Be4 Kg7 36.f4 Bg3 37.f5 f6 38.b4 Kf8 39.c4 Ke8 40.c5 
Kd8 41.a4 Be1 42.b5 Ba5 43.d5 Rh7 44.d6 Rxh3+ 45.Kd4 Ra3 46.Bc2 Ra2 47.Bb3
Rf2 48.Ke4 Re2+ 49.Kd4 Re5 50.c6 Rxf5 51.c7+ Bxc7 52.dxc7+ Kxc7 53.Ke4 
Re5+ 54.Kf4 Kb6 55.Kf3 Ka5 56.Kf4 Kb4 57.Bd1 Re1 58.Bc2 Rc1 59.Bd3 Rc5 60.
Ke4 Kxa4 0-1

[Event "25th Hoogeveen op"]
[Site "Hoogeveen NED"]
[Date "2022.10.18"]
[Round "4.39"]
[White "Wolters, Vincent"]
[Black "Van Heeren, Arie"]
[Result "1-0"]
[WhiteElo "1882"]
[BlackElo "1755"]
[EventDate "2022.10.15"]
[PlyCount "89"]

1.e4 e5 2.Nf3 Nc6 3.Bc4 Be7 4.d4 d6 5.dxe5 dxe5 6.Qxd8+ Bxd8 7.Bb5 f6 8.
Bxc6+ bxc6 9.c4 Be7 10.O-O Be6 11.b3 Bc5 12.Ba3 Bxa3 13.Nxa3 Ne7 14.Nb1 
Nc8 15.Nc3 Nb6 16.h3 Rd8 17.Rfd1 Ke7 18.Ne1 Rxd1 19.Rxd1 Rd8 20.Rxd8 Kxd8 
21.Nd3 Ke7 22.Kf1 Bc8 23.Ke2 Ba6 24.Nc5 Bc8 25.N3a4 Nxa4 26.Nxa4 Kd6 27.b4
Be6 28.Kd3 Bc8 29.Nc5 a5 30.a3 axb4 31.axb4 g6 32.f3 g5 33.g4 Ke7 34.Kc3 
Kd6 35.Kb3 Ke7 36.Ka4 Be6 37.Nxe6 Kxe6 38.Ka5 Kd7 39.Ka6 Kc8 40.Ka7 Kd8 
41.Kb8 Kd7 42.Kb7 Kd6 43.Kc8 c5 44.b5 h6 45.Kd8 1-0

[Event "25th Hoogeveen op"]
[Site "Hoogeveen NED"]
[Date "2022.10.18"]
[Round "4.40"]
[White "Van de Poel, Taco"]
[Black "Goudriaan, Rafael"]
[Result "0-1"]
[WhiteElo "1881"]
[BlackElo "1654"]
[EventDate "2022.10.15"]
[PlyCount "28"]

1.e4 c6 2.d4 d5 3.e5 c5 4.Nf3 cxd4 5.Qxd4 Nc6 6.Qf4 e6 7.a3 Qc7 8.Bd3 Nge7
9.O-O Ng6 10.Bxg6 hxg6 11.b4 Nxe5 12.Qxe5 Bd6 13.Qxg7 Bxh2+ 14.Kh1 Be5+ 
0-1

[Event "25th Hoogeveen op"]
[Site "Hoogeveen NED"]
[Date "2022.10.18"]
[Round "4.41"]
[White "Nijdam, Brian"]
[Black "Krylov, Philippe"]
[Result "1/2-1/2"]
[WhiteElo "1877"]
[BlackElo "1609"]
[EventDate "2022.10.15"]
[PlyCount "36"]

1.d4 d5 2.Nc3 Nf6 3.Bf4 a6 4.e3 Bf5 5.f3 e6 6.g4 Bg6 7.h4 h6 8.Bd3 Bxd3 9.
Qxd3 Bd6 10.Nge2 Nc6 11.Kf2 g6 12.Rac1 h5 13.g5 Nd7 14.Bxd6 cxd6 15.Qd2 
O-O 16.Rcg1 Ne7 17.Nf4 Nb6 18.Nce2 Kg7 1/2-1/2

[Event "25th Hoogeveen op"]
[Site "Hoogeveen NED"]
[Date "2022.10.18"]
[Round "4.43"]
[White "Ten Ham, John"]
[Black "Van den Dool, Gerrit"]
[Result "1-0"]
[WhiteElo "1910"]
[BlackElo "1570"]
[EventDate "2022.10.15"]
[PlyCount "73"]

1.d4 c6 2.c4 Nf6 3.Nc3 Qc7 4.Nf3 d6 5.e4 Bg4 6.Be2 h6 7.Be3 Nbd7 8.O-O g5 
9.b4 Bg7 10.Rc1 Rg8 11.b5 Nb6 12.c5 Bxf3 13.Bxf3 Nc4 14.cxd6 exd6 15.bxc6 
bxc6 16.Qa4 Nb6 17.Qa5 g4 18.Be2 Nbd5 19.Qxc7 Nxc7 20.Rb1 h5 21.Rb7 Kd7 
22.Rfb1 Ne8 23.f4 Rf8 24.e5 f6 25.Ne4 fxe5 26.fxe5 dxe5 27.Nc5+ Kc8 28.
dxe5 Bxe5 29.Ba6 Nxa6 30.Nxa6 Rf5 31.Re7 Kd8 32.Rbb7 Nf6 33.Rf7 Bd6 34.Bd4
Kc8 35.Rb1 Ra5 36.Rxf6 Rxa6 37.Rxd6 1-0

[Event "25th Hoogeveen op"]
[Site "Hoogeveen NED"]
[Date "2022.10.18"]
[Round "4.44"]
[White "Mader, Fabian"]
[Black "Selten, Ton"]
[Result "1-0"]
[WhiteElo "1735"]
[BlackElo "1809"]
[EventDate "2022.10.15"]
[PlyCount "55"]

1.e4 c5 2.Nf3 d6 3.Bb5+ Nd7 4.O-O a6 5.Bd3 g6 6.c3 Bg7 7.Bc2 Qc7 8.d4 Ngf6
9.Re1 O-O 10.h3 Rd8 11.a4 b6 12.Bg5 Bb7 13.Qe2 e5 14.d5 c4 15.Na3 Rac8 16.
Nd2 b5 17.axb5 axb5 18.Nxb5 Qb6 19.Ba4 Ba6 20.Nxc4 Bxb5 21.Nxb6 Bxe2 22.
Nxc8 Rxc8 23.Rxe2 Nc5 24.Bxf6 Bxf6 25.Bc6 Rc7 26.b4 Bg5 27.bxc5 dxc5 28.
Rea2 1-0

[Event "25th Hoogeveen op"]
[Site "Hoogeveen NED"]
[Date "2022.10.18"]
[Round "4.45"]
[White "Bellamy, Linda"]
[Black "Spaans, Leo"]
[Result "0-1"]
[WhiteElo "1401"]
[BlackElo "1791"]
[EventDate "2022.10.15"]
[PlyCount "94"]

1.e4 e5 2.Nf3 Nc6 3.Bc4 Nf6 4.d3 Bc5 5.c3 O-O 6.O-O d5 7.exd5 Nxd5 8.Bb5 
Bg4 9.h3 Bh5 10.Bxc6 bxc6 11.g4 Bg6 12.Nxe5 f5 13.d4 Bd6 14.Nxg6 hxg6 15.
g5 Nf4 16.h4 Re8 17.Bxf4 Bxf4 18.Qf3 Re4 19.Rd1 Qd5 20.Qd3 Bxg5 21.hxg5 
Rg4+ 22.Kf1 Qg2+ 23.Ke2 Re8+ 24.Kd2 Qxf2+ 25.Kc1 Re1 26.Rxe1 Qxe1+ 27.Kc2 
Rg2+ 28.Kb3 Qc1 29.Qc4+ Kh7 30.Qxc6 Qxb2+ 31.Kc4 Rxg5 32.Qxc7 Qxa1 33.Qh2+
Rh5 34.Qc2 Rh1 35.Na3 Qc1 36.Qxc1 Rxc1 37.d5 Rd1 38.Kc5 f4 39.d6 f3 40.Nc2
Rd3 41.Nd4 f2 42.d7 f1=Q 43.d8=Q Rxc3+ 44.Kd5 Qg2+ 45.Ke6 Qxa2+ 46.Qd5 
Qxd5+ 47.Kxd5 Rd3 0-1

[Event "25th Hoogeveen op"]
[Site "Hoogeveen NED"]
[Date "2022.10.18"]
[Round "4.46"]
[White "Kompaan, Rick"]
[Black "Cuyvers, Jens"]
[Result "0-1"]
[WhiteElo "1785"]
[BlackElo "1765"]
[EventDate "2022.10.15"]
[PlyCount "40"]

1.d4 d5 2.c4 e6 3.Nf3 Nf6 4.g3 Be7 5.Bg2 O-O 6.O-O dxc4 7.Qc2 b5 8.Bg5 a6 
9.a4 Bb7 10.e3 Be4 11.Qc1 Nbd7 12.Bxf6 Nxf6 13.axb5 axb5 14.Rxa8 Qxa8 15.
Nbd2 Bc6 16.b3 cxb3 17.Qc3 Ne4 18.Nxe4 Bxe4 19.Qxc7 b2 20.Nh4 Bxh4 0-1

[Event "25th Hoogeveen op"]
[Site "Hoogeveen NED"]
[Date "2022.10.18"]
[Round "4.47"]
[White "Tawfiq, Abdul Karim"]
[Black "Winkel, Ruud"]
[Result "0-1"]
[WhiteElo "1777"]
[BlackElo "1663"]
[EventDate "2022.10.15"]
[PlyCount "114"]

1.d4 f5 2.Nf3 Nf6 3.c4 e6 4.Nc3 d5 5.Bg5 Be7 6.e3 c6 7.Ne5 O-O 8.Be2 Nbd7 
9.Bf4 Ne4 10.Nxe4 fxe4 11.c5 Nxe5 12.Bxe5 Qa5+ 13.Kf1 Bd7 14.a3 Bg5 15.Kg1
Qd8 16.Bg3 Qf6 17.Qe1 Qh6 18.h4 Be7 19.Bf4 Rxf4 20.exf4 Qxf4 21.g3 Qf6 22.
Qd2 Rf8 23.Rf1 e5 24.dxe5 Qxe5 25.b4 Be6 26.Rd1 Bf6 27.f4 exf3 28.Bxf3 
Qxg3+ 29.Qg2 Qf4 30.Qf2 Be5 31.Kg2 Kh8 32.Rd3 Bf5 33.Rd2 Rf6 34.Kf1 Bc3 
35.Rd1 Be4 36.Rh3 Bxf3 37.Rxf3 Qxf3 38.Qxf3 Rxf3+ 39.Kg2 Re3 40.Rf1 Kg8 
41.Rb1 Be5 42.a4 Re2+ 43.Kf3 Rb2 44.Re1 Bf6 45.h5 Kf7 46.b5 cxb5 47.a5 a6 
48.Rc1 Rb3+ 49.Kg4 Rc3 50.Rh1 d4 51.h6 g6 52.Kf4 Rxc5 53.Ke4 Re5+ 54.Kd3 
Re3+ 55.Kc2 Ra3 56.Kb2 b4 57.Kc2 d3+ 0-1

[Event "25th Hoogeveen op"]
[Site "Hoogeveen NED"]
[Date "2022.10.18"]
[Round "4.48"]
[White "Borggreve, Martin"]
[Black "Van de Mheen, Steven"]
[Result "1-0"]
[WhiteElo "1534"]
[BlackElo "1473"]
[EventDate "2022.10.15"]
[PlyCount "123"]

1.f4 d5 2.Nf3 c5 3.g3 Nc6 4.Bg2 Bf5 5.d3 h6 6.O-O e6 7.Nbd2 Nf6 8.h3 Bd6 
9.Re1 d4 10.Nc4 Qc7 11.e4 dxe3 12.Nxe3 O-O 13.Nxf5 exf5 14.c3 Rad8 15.Nh4 
g6 16.a3 Nh5 17.Kh2 Bxf4 18.Bxf4 Nxf4 19.Re3 Nh5 20.Nxf5 Kh7 21.Qg4 Qd7 
22.Rf1 Nf6 23.Qh4 Ng8 24.Be4 Nce7 25.Nxe7 Nxe7 26.g4 Ng8 27.Ref3 Kg7 28.
Qf2 Qd6+ 29.Kg1 Rd7 30.c4 b6 31.Bd5 Qe7 32.b3 a5 33.Qb2+ Kh7 34.Rxf7+ Rxf7
35.Rxf7+ Qxf7 36.Bxf7 Rxf7 37.Qe2 Re7 38.Qf2 Kg7 39.d4 Rf7 40.Qe3 Re7 41.
Qf4 g5 42.Qd6 Re3 43.Kg2 Rxb3 44.dxc5 b5 45.c6 Kf7 46.cxb5 Rxb5 47.a4 Rb2+
48.Kf1 Rc2 49.c7 Ne7 50.Qxh6 Rxc7 51.Qxg5 Rc3 52.Qh5+ Ke6 53.h4 Rc4 54.
Qxa5 Rxg4 55.h5 Nf5 56.Qe1+ Kf6 57.a5 Ng3+ 58.Kf2 Nxh5 59.Qc3+ Kg5 60.Qe5+
Kg6 61.Qe6+ Kg5 62.Qxg4+ 1-0

[Event "25th Hoogeveen op"]
[Site "Hoogeveen NED"]
[Date "2022.10.18"]
[Round "4.49"]
[White "Rellum, Theo"]
[Black "Tabak, Wesley"]
[Result "0-1"]
[WhiteElo "1456"]
[BlackElo "1506"]
[EventDate "2022.10.15"]
[PlyCount "58"]

1.d4 Nf6 2.Nf3 e6 3.Nc3 c5 4.d5 exd5 5.Nxd5 Nxd5 6.Qxd5 Be7 7.Ng5 O-O 8.
Nf3 h6 9.e4 Nc6 10.a3 d6 11.Qd1 Be6 12.Be2 Bf6 13.O-O d5 14.e5 Nxe5 15.
Nxe5 Bxe5 16.Re1 Qf6 17.c3 d4 18.f4 Bxf4 19.Bxf4 Qxf4 20.Bf3 dxc3 21.bxc3 
Qc7 22.Rb1 Rad8 23.Qc2 b6 24.Be4 Rd6 25.Re3 Rfd8 26.Rg3 Qd7 27.Bf3 Bf5 28.
Qc1 Bxb1 29.Qxh6 Rxh6 0-1

[Event "25th Hoogeveen op"]
[Site "Hoogeveen NED"]
[Date "2022.10.19"]
[Round "5.1"]
[White "De Boer, Eelke"]
[Black "Bharath, Subramaniyam H"]
[Result "1/2-1/2"]
[WhiteElo "2295"]
[BlackElo "2495"]
[EventDate "2022.10.15"]
[PlyCount "88"]

1.e4 c5 2.Nc3 d6 3.d4 cxd4 4.Qxd4 Nc6 5.Qd2 g6 6.b3 Bh6 7.f4 e5 8.Nb5 Bxf4
9.Qxd6 Qxd6 10.Nxd6+ Kf8 11.Ba3 Nge7 12.c3 Kg7 13.Bc4 f5 14.Nh3 Be3 15.Ke2
Bh6 16.Rad1 Rd8 17.Nxc8 Raxc8 18.Be6 Rb8 19.g4 fxg4 20.Bxg4 b5 21.Bd6 Nd4+
22.cxd4 Rxd6 23.dxe5 Ra6 24.Rd7 Rxa2+ 25.Kf3 Re8 26.Rhd1 Kh8 27.Rc7 Rb2 
28.Be6 Rf8+ 29.Kg3 Bg7 30.Rc5 Nc6 31.Rxc6 Bxe5+ 32.Kh4 Rg2 33.Bg4 Kg7 34.
Re6 h5 35.Rd7+ Kh6 36.Bxh5 Bf6+ 37.Rxf6 Rxf6 38.Bg4 Rxh2 39.e5 Rff2 40.Rd6
Rfg2 41.Rf6 Kg7 42.Rf3 Kh6 43.Rf6 Kg7 44.Rf3 Kh6 1/2-1/2

[Event "25th Hoogeveen op"]
[Site "Hoogeveen NED"]
[Date "2022.10.19"]
[Round "5.2"]
[White "Hovhannisyan, Robert"]
[Black "Fernandez, Daniel Howard"]
[Result "1-0"]
[WhiteElo "2601"]
[BlackElo "2476"]
[EventDate "2022.10.15"]
[PlyCount "85"]

1.e4 c5 2.c3 Nf6 3.e5 Nd5 4.Nf3 Nc6 5.Bc4 e6 6.d4 cxd4 7.cxd4 d6 8.O-O 
dxe5 9.dxe5 Nb6 10.Bd3 Nb4 11.Be4 Qxd1 12.Rxd1 N4d5 13.a4 Bd7 14.Nc3 Bc6 
15.a5 Nxc3 16.Bxc6+ bxc6 17.bxc3 Nd5 18.c4 Nb4 19.Be3 Be7 20.Kf1 c5 21.Ke2
Rd8 22.Ne1 f6 23.Nd3 Nxd3 24.Rxd3 Rxd3 25.Kxd3 Kd7 26.Rb1 Kc6 27.exf6 gxf6
28.a6 f5 29.g3 Rd8+ 30.Ke2 h5 31.h3 Bd6 32.Rb7 Rd7 33.Rxd7 Kxd7 34.f3 Bxg3
35.Bxc5 Bb8 36.Be3 e5 37.Kd3 Kc6 38.Kc3 Kd6 39.Bg1 Ke6 40.Kb4 e4 41.fxe4 
fxe4 42.Be3 Kd7 43.Kc5 1-0

[Event "25th Hoogeveen op"]
[Site "Hoogeveen NED"]
[Date "2022.10.19"]
[Round "5.3"]
[White "Weihrauch, Jakob"]
[Black "Romanov, Evgeny"]
[Result "0-1"]
[WhiteElo "2075"]
[BlackElo "2593"]
[EventDate "2022.10.15"]
[PlyCount "102"]

1.e4 e5 2.Nf3 Nc6 3.Bb5 a6 4.Ba4 Nge7 5.c3 Ng6 6.d4 exd4 7.Nxd4 b5 8.Nxc6 
dxc6 9.Qxd8+ Kxd8 10.Bc2 Bd6 11.O-O f6 12.Be3 Re8 13.Nd2 c5 14.f4 Bb7 15.
Rad1 c4 16.g3 Kc8 17.h4 Nf8 18.Rfe1 Nd7 19.Bd4 c5 20.Bf2 Kc7 21.Nf1 Bf8 
22.a4 Nb6 23.a5 Na4 24.Bxa4 bxa4 25.e5 fxe5 26.fxe5 Re6 27.Nd2 Bd5 28.Ra1 
Rae8 29.Rxa4 Rxe5 30.Rxe5 Rxe5 31.Nxc4 Re4 32.Nb6 Rxa4 33.Nxa4 Kc6 34.Nb6 
c4 35.Bd4 Be6 36.Na8 Bd6 37.Kf2 g6 38.Be3 Kb5 39.Bb6 Ka4 40.Nc7 Bc8 41.g4 
Kb3 42.Ke3 Kxb2 43.Kd4 Kb3 44.g5 Bg3 45.Nd5 Bxh4 46.Nf6 Bf5 47.Nxh7 Be1 
48.Kc5 Bxc3 49.Bc7 Bd2 50.Be5 Bxa5 51.Nf6 Bd2 0-1

[Event "25th Hoogeveen op"]
[Site "Hoogeveen NED"]
[Date "2022.10.19"]
[Round "5.4"]
[White "Zwirs, Nico"]
[Black "Ashwath, R."]
[Result "1-0"]
[WhiteElo "2481"]
[BlackElo "2340"]
[EventDate "2022.10.15"]
[PlyCount "139"]

1.e4 e5 2.Nf3 Nc6 3.Bc4 Bc5 4.O-O Nf6 5.d3 a6 6.c3 d6 7.a4 Ba7 8.Re1 O-O 
9.h3 h6 10.b4 Re8 11.Nbd2 Be6 12.Bxe6 Rxe6 13.Qc2 d5 14.Rb1 b5 15.Ra1 d4 
16.Nb3 dxc3 17.Qxc3 Rd6 18.Be3 Bxe3 19.Rxe3 bxa4 20.Nc5 Qb8 21.Rxa4 Qb5 
22.Nxe5 Nxe5 23.Qxe5 Nd7 24.Nxd7 Qxa4 25.Rg3 g6 26.Nf6+ Rxf6 27.Qxf6 Qxb4 
28.Rf3 Qb3 29.Qc6 Qb8 30.Qc4 Qe8 31.Rf6 Kg7 32.Qc3 Kg8 33.Qc4 Kg7 34.Qc3 
Kg8 35.e5 a5 36.e6 fxe6 37.Qc4 Kh8 38.Rxe6 Qf7 39.Qd4+ Qg7 40.Qe4 Rg8 41.
h4 h5 42.Ra6 Qc3 43.g3 Kh7 44.Rc6 Qa1+ 45.Kg2 Rg7 46.Rc5 Kh6 47.Qf4+ Kh7 
48.Qe4 Kh6 49.d4 a4 50.Ra5 Qa2 51.Ra6 Kh7 52.d5 Qd2 53.Rxa4 Rf7 54.Qd4 
Qxd4 55.Rxd4 Kg7 56.Rc4 Rd7 57.Rc5 Kf6 58.f4 Rd6 59.Kf3 Kf5 60.Ke3 Kg4 61.
Ke4 Kxg3 62.Rxc7 Rf6 63.Rc3+ Kxh4 64.Rc6 Rf8 65.Rxg6 Kh3 66.d6 h4 67.f5 
Kh2 68.d7 h3 69.Rd6 Rd8 70.Kf3 1-0

[Event "25th Hoogeveen op"]
[Site "Hoogeveen NED"]
[Date "2022.10.19"]
[Round "5.5"]
[White "Moroni, Luca jr"]
[Black "Cornelisse, John"]
[Result "1/2-1/2"]
[WhiteElo "2573"]
[BlackElo "2160"]
[EventDate "2022.10.15"]
[PlyCount "115"]

1.c4 e6 2.Nc3 d5 3.d4 Bb4 4.cxd5 exd5 5.Bf4 Nf6 6.e3 O-O 7.Bd3 c5 8.Ne2 
Nc6 9.O-O Re8 10.dxc5 Bxc5 11.Rc1 Bb6 12.Bg5 Re5 13.Bh4 Bg4 14.Qa4 d4 15.
Nxd4 Nxd4 16.exd4 Qxd4 17.Qc2 Bd1 18.Qxd1 Qxh4 19.Qf3 Rd8 20.Rcd1 Ng4 21.
h3 Nf6 22.Bc2 Ree8 23.Bb3 Qb4 24.Rxd8 Rxd8 25.Re1 h6 26.Re2 Bd4 27.Ne4 Rf8
28.Qf4 Qb5 29.Ng3 Bc5 30.Bc4 Qd7 31.Rd2 Qe7 32.Nf5 Qe1+ 33.Kh2 Nh5 34.
Nxh6+ gxh6 35.Qxh6 Qe5+ 36.g3 Ng7 37.h4 Be7 38.Rd7 Qc5 39.Bd3 Qxf2+ 40.Kh3
Nf5 41.Qf4 Qxf4 42.gxf4 Rd8 43.Bxf5 Rxd7 44.Bxd7 Kg7 45.Kg4 Bf6 46.b3 Bc3 
47.Bc8 b6 48.Ba6 Kg6 49.a4 f5+ 50.Kf3 Be1 51.Ke3 Bxh4 52.Kd4 Kf6 53.Kd5 
Bg3 54.Kc6 Bxf4 55.Kb7 Be3 56.Kxa7 b5+ 57.Kb7 bxa4 58.bxa4 1/2-1/2

[Event "25th Hoogeveen op"]
[Site "Hoogeveen NED"]
[Date "2022.10.19"]
[Round "5.6"]
[White "Beerdsen, Thomas"]
[Black "Hummel, Paul"]
[Result "1-0"]
[WhiteElo "2521"]
[BlackElo "2120"]
[EventDate "2022.10.15"]
[PlyCount "43"]

1.e4 c6 2.d4 d5 3.e5 Bf5 4.g4 Be4 5.f3 Bg6 6.e6 Qd6 7.exf7+ Bxf7 8.Nc3 Nd7
9.f4 g5 10.Nge2 O-O-O 11.fxg5 e5 12.Bg2 Bg7 13.O-O Be6 14.dxe5 Nxe5 15.Bf4
Bxg4 16.Kh1 Ne7 17.Qd4 N7g6 18.Bg3 a6 19.Rf7 Nxf7 20.Qxg4+ Qd7 21.Na4 Qxg4
22.Nb6# 1-0

[Event "25th Hoogeveen op"]
[Site "Hoogeveen NED"]
[Date "2022.10.19"]
[Round "5.7"]
[White "Mellema, Andries"]
[Black "Maatman, Nick"]
[Result "1/2-1/2"]
[WhiteElo "2155"]
[BlackElo "2341"]
[EventDate "2022.10.15"]
[PlyCount "104"]

1.e4 e5 2.Bc4 Nf6 3.d3 c6 4.Nf3 d5 5.Bb3 a5 6.a4 Bb4+ 7.c3 Bd6 8.O-O O-O 
9.Bg5 dxe4 10.dxe4 h6 11.Bh4 g5 12.Bg3 Qe7 13.Nbd2 Bc7 14.Re1 Nbd7 15.Nc4 
Rd8 16.Qe2 Nh5 17.Ne3 Nxg3 18.hxg3 Nc5 19.Bc2 f6 20.Nf5 Bxf5 21.exf5 Kg7 
22.Nd4 Qf7 23.Ne6+ Nxe6 24.fxe6 Qxe6 25.g4 e4 26.Bxe4 Re8 27.Qf3 Rad8 28.
Re3 Bb6 29.Re2 Qe5 30.g3 Qc5 31.Rae1 Re5 32.Bc2 Rdd5 33.Rxe5 Rxe5 34.Rxe5 
Qxe5 35.Kf1 Qd5 36.Be4 Qc4+ 37.Kg2 Qc5 38.Qe2 Qe5 39.Qd3 Kf8 40.Qf3 Ke7 
41.b3 Kd8 42.b4 Kc7 43.b5 Qe6 44.bxc6 bxc6 45.Qe2 Bc5 46.Qf3 Kb6 47.Qd3 
Kc7 48.Kf1 Qa2 49.Qc2 Qxc2 50.Bxc2 Kd6 51.Bg6 Bb6 52.Ke2 Ba7 1/2-1/2

[Event "25th Hoogeveen op"]
[Site "Hoogeveen NED"]
[Date "2022.10.19"]
[Round "5.8"]
[White "Elgersma, Onno"]
[Black "Clemens, Adrian"]
[Result "1/2-1/2"]
[WhiteElo "2309"]
[BlackElo "2082"]
[EventDate "2022.10.15"]
[PlyCount "126"]

1.e4 c5 2.Nf3 d6 3.Bb5+ Nd7 4.a4 Nf6 5.Nc3 g6 6.O-O Bg7 7.a5 a6 8.Be2 b5 
9.axb6 Qxb6 10.d3 O-O 11.Nd2 Ne5 12.Kh1 Bb7 13.f4 Nc6 14.Qe1 Qc7 15.Bd1 e6
16.Qh4 d5 17.Rf3 Nd4 18.Rh3 h6 19.e5 Nd7 20.Nf3 Nxf3 21.Bxf3 Qd8 22.Qg3 
Re8 23.Bd2 Rb8 24.Re1 Nf8 25.Qf2 Rc8 26.Nd1 Ba8 27.Ne3 Nh7 28.Ng4 h5 29.
Ne3 f5 30.exf6 Nxf6 31.Rg3 Kf7 32.Qe2 Qd6 33.Nd1 Bc6 34.Nf2 Bd7 35.Nh3 Re7
36.Ng5+ Kg8 37.c4 Rce8 38.Qe5 Qc6 39.Qe2 Qd6 40.Qf2 e5 41.fxe5 Rxe5 42.
Rxe5 Qxe5 43.Bxd5+ Nxd5 44.cxd5 Qxd5 45.Re3 Rf8 46.Rf3 Rxf3 47.Nxf3 Bg4 
48.Ng5 Qf5 49.Qe1 Qe5 50.Ne4 Qxb2 51.Nxc5 Qa1 52.Qxa1 Bxa1 53.Nxa6 Be2 54.
Nc5 Bd4 55.Ne6 Be5 56.Nc5 Bd4 57.Nb3 Bb2 58.Bc1 Bc3 59.Nc5 Bd4 60.Ne6 Be5 
61.d4 Bc4 62.Nf4 Bxf4 63.Bxf4 Kf7 1/2-1/2

[Event "25th Hoogeveen op"]
[Site "Hoogeveen NED"]
[Date "2022.10.19"]
[Round "5.9"]
[White "Mueer, Sebastian"]
[Black "Ismail, Tamer"]
[Result "1-0"]
[WhiteElo "2177"]
[BlackElo "2018"]
[EventDate "2022.10.15"]
[PlyCount "209"]

1.Nf3 Nf6 2.c4 c5 3.Nc3 g6 4.g3 Bg7 5.Bg2 O-O 6.O-O Nc6 7.d4 cxd4 8.Nxd4 
Nxd4 9.Qxd4 d6 10.Qd3 Rb8 11.Bd2 a6 12.a4 Bd7 13.h3 Bc6 14.e4 Nd7 15.b3 
Nc5 16.Qc2 b5 17.axb5 axb5 18.b4 Ne6 19.cxb5 Bxb5 20.Nxb5 Bxa1 21.Rxa1 
Rxb5 22.Bf1 Rb8 23.Bc4 Qb6 24.Ra6 Qb7 25.Qd3 Ra8 26.Ra5 Rxa5 27.bxa5 Nc5 
28.a6 Qxe4 29.Qxe4 Nxe4 30.Bh6 Rc8 31.Bd5 Nc5 32.a7 e6 33.Bc6 f6 34.Be3 
Nd3 35.Bb7 Rf8 36.Bb6 Ne5 37.Bc7 Nc4 38.a8=Q Rxa8 39.Bxa8 Kf7 40.Bd8 Ne5 
41.Kf1 g5 42.Ba5 d5 43.Bc3 Ng6 44.Bc6 h5 45.Ba4 h4 46.Bc2 f5 47.Bd1 e5 48.
Bh5 d4 49.Ba5 hxg3 50.fxg3 Kf6 51.Bd8+ Ne7 52.Be2 Ke6 53.Bc4+ Kd7 54.Ba5 
f4 55.h4 Nf5 56.Bb5+ Ke6 57.hxg5 Nxg3+ 58.Kg2 Kf5 59.Bd8 e4 60.Bd7+ Kg6 
61.Kh3 d3 62.Kg4 d2 63.Be8+ Kh7 64.Ba4 e3 65.Bc2+ Kg8 66.Ba5 Ne4 67.Kf3 
Nxg5+ 68.Kxf4 Ne6+ 69.Kxe3 Kg7 70.Bc3+ Kf7 71.Bxd2 Ke7 72.Ke4 Kd7 73.Ke5 
Nc5 74.Kd5 Nb7 75.Bf4 Nd8 76.Ba4+ Kc8 77.Bg3 Nf7 78.Ke6 Nd8+ 79.Ke7 Nc6+ 
80.Kd6 Nb8 81.Bd1 Kb7 82.Bf3+ Kc8 83.Bg2 Na6 84.Kc6 Nb8+ 85.Kc5 Nd7+ 86.
Kd6 Nb8 87.Bf2 Na6 88.Bh3+ Kb7 89.Bd7 Nb8 90.Bb5 Kc8 91.Kc5 Kb7 92.Bf1 
Na6+ 93.Kd5 Nb8 94.Bg2 Kc7 95.Be1 Na6 96.Ba5+ Kc8 97.Kc6 Nb8+ 98.Kb6 Nd7+ 
99.Ka7 Nc5 100.Bh3+ Nd7 101.Ka6 Kb8 102.Bxd7 Ka8 103.Bb4 Kb8 104.Bd6+ Ka8 
105.Bc6# 1-0